000 00318nas a2200145 a 4500
001 68959
003 142776
005 20201118110604.0
008 ||||||n9999 ||| || ||
245 0 _aCiencias Humanas - No.6,17
260 _c1984.
562 _e0
773 _078046
_aCiencias Humanas
942 _cSISS
999 _c68959
_d68959